[Event "SCCA Bulletin 21st Anniversary"]
[Site "SCCA Email"]
[Date "2001.06.01"]
[Round "?"]
[White "Beecham, C Richard"]
[Black "Blair, David"]
[Result "1-0"]
[WhiteElo "2246"]
[BlackElo "2326"]
[PlyCount "63"]
[EventDate "2001.??.??"]
[Source "Chess Mail Ltd."]
[SourceDate "2003.04.28"]

1. d4 g6 2. e4 Bg7 3. c4 d6 4. Nc3 Nf6 5. Be2 O-O 6. Bg5 c5 7. d5 e6 8. Qd2
exd5 9. exd5 Re8 10. Nf3 Bg4 11. O-O Nbd7 12. h3 Bxf3 13. Bxf3 a6 14. a4 Ne5
15. Be2 Qa5 16. Qc2 Qc7 17. f4 Ned7 18. f5 Re5 19. Bd3 Rae8 20. Qd2 b6 21. Rf3
R5e7 22. Rf2 Rf8 23. Qf4 Nh5 24. Qh4 Bf6 25. Ne4 Rxe4 26. Bxe4 Bd4 27. Re1
Bxf2+ 28. Qxf2 Rb8 29. Qh4 b5 30. g4 Ng7 31. f6 Ne5 (31... Ne8 32. Bxg6) 32.
fxg7 1-0

[Event "SCCA Bulletin 21st Anniversary"]
[Site "SCCA Email"]
[Date "2001.06.01"]
[Round "?"]
[White "Beecham, C Richard"]
[Black "Campbell, J Franklin"]
[Result "1-0"]
[WhiteElo "2246"]
[BlackElo "2204"]
[PlyCount "65"]
[EventDate "2001.??.??"]
[Source "Chess Mail Ltd."]
[SourceDate "2003.04.28"]

1. d4 Nf6 2. Bg5 d5 3. Bxf6 exf6 4. e3 Bd6 5. c4 dxc4 6. Bxc4 O-O 7. Nc3 c6 8.
Nf3 Nd7 9. O-O Nb6 10. Bd3 Re8 11. h3 f5 12. Re1 Be6 13. a3 g6 14. Qc2 Nd5 15.
Na4 Rc8 16. Nc5 Bxc5 17. dxc5 Qc7 18. Rad1 Rcd8 19. Bc4 Qa5 20. Ba2 Nc7 21.
Rxd8 Rxd8 22. Ra1 Bxa2 23. b4 Qb5 24. Qxa2 Ne6 25. Qb2 Qd3 26. Qf6 Qd7 27. Ne5
Qc7 28. Nc4 Rd3 29. Rc1 a5 30. Ra1 Rd5 31. Qc3 axb4 32. axb4 Qb8 33. Nd6 1-0

[Event "SCCA Bulletin 21st Anniversary"]
[Site "SCCA Email"]
[Date "2001.06.01"]
[Round "?"]
[White "Beecham, C Richard"]
[Black "Greiner, Theodore J"]
[Result "1-0"]
[WhiteElo "2246"]
[BlackElo "2271"]
[PlyCount "73"]
[EventDate "2001.??.??"]
[Source "Chess Mail Ltd."]
[SourceDate "2003.04.28"]

1. d4 Nf6 2. Bg5 Ne4 3. Bf4 c5 4. f3 Qa5+ 5. c3 Nf6 6. d5 Qb6 7. b3 e6 8. e4
Bd6 9. Bg5 Be7 10. Na3 exd5 11. e5 Qe6 12. Qe2 Ng8 13. Bxe7 Nxe7 14. Nb5 Kd8
15. f4 f6 16. Nf3 Nbc6 17. Qe3 b6 18. Bd3 Ba6 19. a4 g5 20. fxg5 fxe5 21. O-O
Ng6 22. Bxg6 hxg6 23. Rae1 Re8 24. Nh4 d4 25. Qe4 Qxb3 26. Qxg6 Bxb5 27. axb5
Qxb5 28. Nf5 Qb3 29. cxd4 Qd5 30. dxc5 Qxc5+ 31. Kh1 Kc7 32. Rc1 Re6 33. Qh7
Qb4 34. Ne3 Qb3 35. Rc3 Qa2 36. Qf7 Qe2 37. g6 1-0

[Event "SCCA Bulletin 21st Anniversary"]
[Site "SCCA Email"]
[Date "2001.06.01"]
[Round "?"]
[White "Beecham, C Richard"]
[Black "Lennox, C Jonathan"]
[Result "1-0"]
[WhiteElo "2246"]
[BlackElo "2393"]
[PlyCount "133"]
[EventDate "2001.??.??"]
[Source "Chess Mail Ltd."]
[SourceDate "2003.04.28"]

1. d4 d5 2. Bg5 h6 3. Bh4 c6 4. Nf3 Qb6 5. b3 a5 6. a3 Bf5 7. c4 e6 8. e3 Nd7
9. Nc3 Be7 10. Bxe7 Nxe7 11. Na4 Qa7 12. Bd3 Bxd3 13. Qxd3 Qa6 14. O-O O-O 15.
Nb2 b5 16. Rfc1 bxc4 17. bxc4 Rfb8 18. Qc2 Ra7 19. Nd3 f6 20. Nd2 Rab7 21. Qd1
Ng6 22. Rc3 Ngf8 23. Rac1 Qa8 24. e4 Qa7 25. exd5 exd5 26. Qg4 h5 27. Qh4 g5
28. Qxh5 Qxd4 29. cxd5 cxd5 30. h3 Ne5 31. Nxe5 Qxe5 32. Qd1 Rd7 33. Nf3 Qe4
34. Re3 Qg6 35. Nd4 Re8 36. Rf3 Ne6 37. Nxe6 Rxe6 38. Qa4 Qe8 39. Qxa5 d4 40.
Rd1 Kg7 41. Rfd3 Red6 42. Qd2 Rd5 43. Rf1 Qd8 44. Rb1 Qa5 45. Rb4 Qa6 46. Kh1
Qd6 47. a4 Qe5 48. Kg1 Kg6 49. Qd1 Kg7 50. Rb1 Kg6 51. Qd2 Kg7 52. Re1 Qc7 53.
Ra1 Qa5 54. Qd1 Qa6 55. Ra2 Kg6 56. Rad2 Qa7 57. h4 gxh4 58. Qg4+ Kf7 59. Qxh4
Qxa4 60. Qh7+ Ke6 61. Qg8+ Ke7 62. f4 f5 63. Re2+ Kd6 64. Ra3 Qb5 65. Ra6+ Kc7
66. Rc2+ Rc5 67. Ra7+ 1-0

[Event "SCCA Bulletin 21st Anniversary"]
[Site "SCCA Email"]
[Date "2001.06.01"]
[Round "?"]
[White "Beecham, C Richard"]
[Black "Marconi, Ralph P"]
[Result "1-0"]
[WhiteElo "2246"]
[BlackElo "2152"]
[PlyCount "63"]
[EventDate "2001.??.??"]
[Source "Chess Mail Ltd."]
[SourceDate "2003.04.28"]

1. d4 Nf6 2. Bg5 e6 3. e4 h6 4. Bxf6 Qxf6 5. c3 b6 6. Bd3 Bb7 7. Ne2 d6 8. Nd2
Nd7 9. Qa4 a6 10. O-O b5 11. Qd1 Be7 12. a4 c6 13. f4 O-O 14. e5 Qh4 15. Nf3
Qh5 16. Ng3 Qg4 17. Qe1 Bh4 18. Nxh4 Qxh4 19. exd6 Rfe8 20. Ne4 Qxe1 21. Rfxe1
Nf6 22. Nc5 Rab8 23. axb5 cxb5 24. f5 Red8 25. fxe6 Rxd6 26. e7 Ne8 27. Bxb5
axb5 28. Nxb7 Rxb7 29. Ra8 Rdd7 30. Rxe8+ Kh7 31. Rh8+ Kxh8 32. e8=Q+ 1-0

[Event "SCCA Bulletin 21st Anniversary"]
[Site "SCCA Email"]
[Date "2001.06.01"]
[Round "?"]
[White "Beecham, C Richard"]
[Black "Tatlow, Stephen"]
[Result "1/2-1/2"]
[WhiteElo "2246"]
[BlackElo "2342"]
[PlyCount "97"]
[EventDate "2001.??.??"]
[Source "Chess Mail Ltd."]
[SourceDate "2003.04.28"]

1. d4 d5 2. c4 dxc4 3. Nf3 Nf6 4. e3 Bg4 5. Nbd2 Nbd7 6. Nxc4 e6 7. Be2 c5 8.
O-O cxd4 9. Nxd4 Bxe2 10. Qxe2 Bc5 11. Rd1 O-O 12. e4 Qc7 13. Nb5 Qc6 14. Nbd6
b5 15. Na5 Qb6 16. Nab7 Bd4 17. Nxb5 Bxf2+ 18. Qxf2 Qxb5 19. Nd6 Qb4 20. b3 a5
21. Qg3 a4 22. Bd2 Qa3 23. Bh6 Nh5 24. Qg5 axb3 25. axb3 Qxa1 26. Rxa1 Rxa1+
27. Kf2 Ra6 28. Qxh5 gxh6 29. Qg4+ Kh8 30. Qg3 f6 31. Nc4 Rc8 32. Qd3 Rc7 33.
Kg3 Kg7 34. Kh3 Rac6 35. Qg3+ Kf7 36. Qf4 Rxc4 37. bxc4 Rxc4 38. Qxh6 Nf8 39.
Qh5+ Ke7 40. Qb5 Rc2 41. g3 Nd7 42. Qh5 Nf8 43. Kg4 Rc4 44. Kf3 Rc7 45. h4 Rc3+
46. Kf2 Rc6 47. g4 e5 48. Qf5 Ra6 49. Qc8 1/2-1/2

[Event "SCCA Bulletin 21st Anniversary"]
[Site "corr"]
[Date "2001.??.??"]
[Round "?"]
[White "Beecham, C Richard"]
[Black "Pyrich, George D"]
[Result "1/2-1/2"]
[WhiteElo "2246"]
[BlackElo "2397"]
[PlyCount "47"]
[EventDate "2001.??.??"]
[Source "Chess Mail Ltd."]
[SourceDate "2003.04.28"]

1. d4 d5 2. c4 dxc4 3. Nf3 Nf6 4. e3 Bg4 5. Nbd2 e6 6. Nxc4 c5 7. Be2 Nc6 8.
Qa4 Nd7 9. Bd2 cxd4 10. Nxd4 Nxd4 11. Bxg4 b5 12. Nd6+ Bxd6 13. Qxd4 Be5 14.
Qb4 Rc8 15. Qxb5 Rb8 16. Qa4 Rxb2 17. Rd1 Qc7 18. Ba5 Bc3+ 19. Bxc3 Qxc3+ 20.
Kf1 Rd2 21. Rxd2 Qxd2 22. g3 O-O 23. Kg2 Ne5 24. Rd1 1/2-1/2

[Event "SCCA Bulletin 21st Anniversary"]
[Site "SCCA Email"]
[Date "2001.06.01"]
[Round "?"]
[White "Blair, David"]
[Black "Gurtovojs, Nikolajs"]
[Result "1-0"]
[WhiteElo "2326"]
[BlackElo "2213"]
[PlyCount "51"]
[EventDate "2001.??.??"]
[Source "Chess Mail Ltd."]
[SourceDate "2003.04.28"]

1. d4 d5 2. c4 e6 3. Nc3 c6 4. cxd5 exd5 5. Bf4 Bd6 6. Bxd6 Qxd6 7. e3 Be6 8.
Bd3 Nd7 9. Qc2 Ngf6 10. Nge2 Ke7 11. Nf4 g6 12. O-O c5 13. dxc5 Nxc5 14. Rfd1
Rac8 15. Bc4 Rhd8 16. Nfxd5+ Bxd5 17. Bxd5 Ng4 18. g3 Qe5 19. Bg2 f5 20. Rd5
Qe6 21. Rad1 Rxd5 22. Nxd5+ Kf8 23. Qc3 Kg8 24. Ne7+ Qxe7 25. Bd5+ Qf7 26. Qc4
1-0

[Event "SCCA Bulletin 21st Anniversary"]
[Site "corr"]
[Date "2001.??.??"]
[Round "?"]
[White "Blair, David"]
[Black "Fordham Hall, Christopher M"]
[Result "1/2-1/2"]
[WhiteElo "2326"]
[BlackElo "2299"]
[PlyCount "37"]
[EventDate "2001.??.??"]
[Source "Chess Mail Ltd."]
[SourceDate "2003.04.28"]

1. c4 c5 2. Nf3 Nf6 3. g3 e6 4. Bg2 d5 5. O-O d4 6. e3 Nc6 7. exd4 cxd4 8. d3
Be7 9. Na3 Bxa3 10. bxa3 Qd6 11. Bf4 Qxa3 12. Ne5 Nd8 13. Qe2 O-O 14. Rfb1 Nd7
15. Nxd7 Bxd7 16. Rb3 Qc5 17. Qe5 Qxe5 18. Bxe5 Bc6 19. Bxd4 1/2-1/2

[Event "SCCA Bulletin 21st Anniversary"]
[Site "corr"]
[Date "2001.??.??"]
[Round "?"]
[White "Blair, David"]
[Black "Mackie, John J"]
[Result "1/2-1/2"]
[WhiteElo "2326"]
[BlackElo "2228"]
[PlyCount "57"]
[EventDate "2001.??.??"]
[Source "Chess Mail Ltd."]
[SourceDate "2003.04.28"]

1. d4 Nf6 2. c4 g6 3. Nc3 d5 4. Nf3 Bg7 5. cxd5 Nxd5 6. e4 Nxc3 7. bxc3 c5 8.
Rb1 O-O 9. Be2 Nc6 10. d5 Ne5 11. Nxe5 Bxe5 12. Qd2 b6 13. f4 Bg7 14. O-O e6
15. Bc4 Rb8 16. e5 exd5 17. Bxd5 Bf5 18. Rb3 b5 19. c4 bxc4 20. Bxc4 h5 21.
Rxb8 Qxb8 22. Qe2 Qb6 23. Be3 Rb8 24. Rc1 Bf8 25. Bd5 Qb5 26. Bc4 Qb2 27. Qe1
Qb6 28. Qe2 a5 29. h3 1/2-1/2

[Event "SCCA Bulletin 21st Anniversary"]
[Site "corr"]
[Date "2001.??.??"]
[Round "?"]
[White "Blair, David"]
[Black "Mackintosh, Iain"]
[Result "1/2-1/2"]
[WhiteElo "2326"]
[BlackElo "2247"]
[PlyCount "43"]
[EventDate "2001.??.??"]
[Source "Chess Mail Ltd."]
[SourceDate "2003.04.28"]

1. c4 e6 2. Nc3 c5 3. Nf3 Nf6 4. g3 b6 5. Bg2 Bb7 6. O-O Be7 7. d4 cxd4 8. Qxd4
d6 9. Rd1 O-O 10. Bg5 Nbd7 11. Nb5 d5 12. cxd5 Bxd5 13. Nc3 Bc6 14. Rac1 Qe8
15. b4 Rd8 16. Qf4 h6 17. Bxf6 Nxf6 18. Rxd8 Qxd8 19. b5 Bb7 20. Ne5 Bxg2 21.
Kxg2 Bd6 22. Qd4 1/2-1/2

[Event "SCCA Bulletin 21st Anniversary"]
[Site "corr"]
[Date "2001.??.??"]
[Round "?"]
[White "Blair, David"]
[Black "Milligan, Bernard"]
[Result "1-0"]
[WhiteElo "2326"]
[BlackElo "2435"]
[PlyCount "32"]
[EventDate "2001.??.??"]
[Source "Chess Mail Ltd."]
[SourceDate "2003.04.28"]

1. c4 e5 2. Nc3 Nf6 3. g3 Bb4 4. Bg2 O-O 5. d3 Re8 6. Bd2 c6 7. e4 d5 8. cxd5
Bxc3 9. Bxc3 cxd5 10. Ne2 Nc6 11. O-O Be6 12. h3 Qb6 13. b3 Rad8 14. Qb1 a5 15.
Qb2 dxe4 16. dxe4 Qxb3 1-0

[Event "SCCA Bulletin 21st Anniversary"]
[Site "corr"]
[Date "2001.??.??"]
[Round "?"]
[White "Blair, David"]
[Black "Rawlings, Alan J C"]
[Result "1/2-1/2"]
[WhiteElo "2326"]
[BlackElo "2372"]
[PlyCount "35"]
[EventDate "2001.??.??"]
[Source "Chess Mail Ltd."]
[SourceDate "2003.04.28"]

1. c4 Nf6 2. Nc3 c5 3. Nf3 d5 4. cxd5 Nxd5 5. d4 Nxc3 6. bxc3 g6 7. e4 Bg7 8.
Rb1 O-O 9. Be2 cxd4 10. cxd4 Qa5+ 11. Qd2 Qxd2+ 12. Bxd2 b6 13. O-O Bb7 14. d5
Ba6 15. Bxa6 Nxa6 16. Be3 f5 17. e5 f4 18. Bc1 1/2-1/2

[Event "SCCA Bulletin 21st Anniversary"]
[Site "corr"]
[Date "2001.??.??"]
[Round "?"]
[White "Blair, David"]
[Black "Sprott, George R"]
[Result "1/2-1/2"]
[WhiteElo "2326"]
[BlackElo "2379"]
[PlyCount "35"]
[EventDate "2001.??.??"]
[Source "Chess Mail Ltd."]
[SourceDate "2003.04.28"]

1. c4 e5 2. Nc3 Nf6 3. g3 Bb4 4. Bg2 O-O 5. Nf3 Re8 6. O-O e4 7. Nd4 Nc6 8. Nc2
Bxc3 9. dxc3 h6 10. Ne3 d6 11. Qc2 a5 12. Bd2 b6 13. a4 Bb7 14. Rad1 Rb8 15.
Nd5 Ne5 16. b3 Nxd5 17. cxd5 Bxd5 18. Bxh6 1/2-1/2

[Event "SCCA Bulletin 21st Anniversary"]
[Site "SCCA Email"]
[Date "2001.06.01"]
[Round "?"]
[White "Campbell, J Franklin"]
[Black "Fordham Hall, Christopher M"]
[Result "1-0"]
[WhiteElo "2204"]
[BlackElo "2299"]
[PlyCount "95"]
[EventDate "2001.??.??"]
[Source "Chess Mail Ltd."]
[SourceDate "2003.04.28"]

1. d4 Nf6 2. c4 c5 3. d5 b5 4. cxb5 a6 5. bxa6 g6 6. Nc3 Bxa6 7. e4 Bxf1 8.
Kxf1 d6 9. g3 Bg7 10. Kg2 O-O 11. Nf3 Nbd7 12. Re1 Qb6 13. h3 Rfb8 14. Re2 Qa6
15. Qc2 e6 16. dxe6 fxe6 17. Rd2 Rb6 18. Rd1 Qb7 19. Qd3 Re8 20. a4 d5 21. exd5
exd5 22. a5 c4 23. Qd4 Rd6 24. a6 Qa8 25. a7 Nh5 26. Qg4 Nhf6 27. Qf4 Rc6 28.
Nd4 Nh5 29. Qf3 Rc5 30. Ncb5 Ne5 31. Qe2 Nf6 32. b4 cxb3 33. Nd6 Re7 34. Ba3
Rc2 35. Nxc2 bxc2 36. Rd2 Nc6 37. Qd3 Ne5 38. Qb3 Rxa7 39. Rxc2 Nc4 40. Rca2
Nxa3 41. Rxa3 Rxa3 42. Rxa3 Qc6 43. Ra7 Qxd6 44. Qb7 Qd7 45. Qxd7 Nxd7 46. Rxd7
d4 47. Kf3 h5 48. Ke4 1-0

[Event "SCCA Bulletin 21st Anniversary"]
[Site "SCCA Email"]
[Date "2001.06.01"]
[Round "?"]
[White "Campbell, J Franklin"]
[Black "Sprott, George R"]
[Result "1/2-1/2"]
[WhiteElo "2204"]
[BlackElo "2379"]
[PlyCount "92"]
[EventDate "2001.??.??"]
[Source "Chess Mail Ltd."]
[SourceDate "2003.04.28"]

1. d4 d5 2. c4 e6 3. Nc3 c6 4. Nf3 dxc4 5. a4 Bb4 6. e3 b5 7. Bd2 a5 8. axb5
Bxc3 9. Bxc3 cxb5 10. b3 Bb7 11. bxc4 b4 12. Bb2 Nf6 13. Bd3 Nbd7 14. O-O O-O
15. Re1 Re8 16. Bc2 Qc7 17. c5 Bc6 18. e4 Reb8 19. Bc1 Qb7 20. Nd2 Qa6 21. e5
Nd5 22. Ne4 a4 23. Nd6 Nf8 24. Bb2 Qa5 25. Qf3 Qc7 26. Qg3 Ne7 27. h4 h5 28.
Bd1 Nf5 29. Qd3 a3 30. Bc1 Nxh4 31. g3 Nf5 32. Bxh5 Nxd6 33. exd6 Qb7 34. Re3
Bd5 35. Bd1 Nd7 36. Bb3 Nf6 37. Bd2 Qc6 38. f3 Bxb3 39. Qxb3 Nd5 40. Rd3 Qb5
41. Bc1 Ra4 42. Kg2 Rba8 43. Qc2 Nc3 44. Re3 Nd5 45. Rb3 Rc8 46. Bf4 f6 1/2-1/2

[Event "SCCA Bulletin 21st Anniversary"]
[Site "corr"]
[Date "2001.??.??"]
[Round "?"]
[White "Campbell, J Franklin"]
[Black "Blair, David"]
[Result "1/2-1/2"]
[WhiteElo "2204"]
[BlackElo "2326"]
[PlyCount "65"]
[EventDate "2001.??.??"]
[Source "Chess Mail Ltd."]
[SourceDate "2003.04.28"]

1. d4 Nf6 2. c4 c5 3. d5 b5 4. cxb5 a6 5. bxa6 Bxa6 6. Nc3 g6 7. e4 Bxf1 8.
Kxf1 d6 9. g3 Bg7 10. Kg2 O-O 11. Nf3 Nbd7 12. h3 Ra7 13. Re1 Qa8 14. Bg5 Rb8
15. Qc2 h6 16. Bc1 Ne8 17. Nd2 Nc7 18. Nc4 Rb4 19. b3 Nb5 20. Nxb5 Rxb5 21. Bb2
Bxb2 22. Qxb2 Nb6 23. Ne3 Kh7 24. a3 Qb8 25. Reb1 Nd7 26. b4 cxb4 27. Nc2 Nc5
28. Nxb4 Nd3 29. Qc3 Qa8 30. Qc2 Rxb4 31. Qb2 Qb8 32. axb4 Nc5 33. Qc3 1/2-1/2

[Event "SCCA Bulletin 21st Anniversary"]
[Site "corr"]
[Date "2001.??.??"]
[Round "?"]
[White "Campbell, J Franklin"]
[Black "Milligan, Bernard"]
[Result "1/2-1/2"]
[WhiteElo "2204"]
[BlackElo "2435"]
[PlyCount "41"]
[EventDate "2001.??.??"]
[Source "Chess Mail Ltd."]
[SourceDate "2003.04.28"]

1. d4 d5 2. c4 dxc4 3. Nf3 a6 4. e3 e6 5. Bxc4 c5 6. O-O Nf6 7. Bb3 Qc7 8. Bd2
Nc6 9. Nc3 Bd6 10. dxc5 Bxc5 11. Rc1 O-O 12. Qc2 Rd8 13. Ne4 Be7 14. Rfd1 h6
15. Nxf6+ Bxf6 16. Bc3 Rxd1+ 17. Rxd1 Bxc3 18. Qxc3 b5 19. Nd4 Bd7 20. a4 Rc8
21. axb5 1/2-1/2

[Event "SCCA Bulletin 21st Anniversary"]
[Site "corr"]
[Date "2001.??.??"]
[Round "?"]
[White "Campbell, J Franklin"]
[Black "Pyrich, George D"]
[Result "0-1"]
[WhiteElo "2204"]
[BlackElo "2397"]
[PlyCount "74"]
[EventDate "2001.??.??"]
[Source "Chess Mail Ltd."]
[SourceDate "2003.04.28"]

1. d4 Nf6 2. c4 e5 3. dxe5 Ng4 4. Bf4 Nc6 5. Nf3 Bb4+ 6. Nbd2 Qe7 7. e3 Ngxe5
8. Nxe5 Nxe5 9. Be2 O-O 10. O-O a5 11. Nb3 a4 12. a3 Bd6 13. Nd4 Bc5 14. Bxe5
Qxe5 15. Nb5 b6 16. Bf3 Ra5 17. Nc3 Bd6 18. g3 Ba6 19. Be2 Bb7 20. Qd4 Re8 21.
Rfd1 Qe6 22. Bg4 f5 23. Be2 f4 24. exf4 Qh3 25. Bf1 Qg4 26. Bg2 Bxg2 27. Kxg2
Rh5 28. Rh1 Qh3+ 29. Kg1 Re6 30. Qd1 Bxf4 31. Qxa4 Bd6 32. Qa8+ Bf8 33. Nd5
Rhe5 34. Ne3 c6 35. Re1 Re8 36. Qa4 Bc5 37. Qb3 Bxe3 0-1

[Event "SCCA Bulletin 21st Anniversary"]
[Site "corr"]
[Date "2001.??.??"]
[Round "?"]
[White "Campbell, J Franklin"]
[Black "Rawlings, Alan J C"]
[Result "1-0"]
[WhiteElo "2204"]
[BlackElo "2372"]
[PlyCount "87"]
[EventDate "2001.??.??"]
[Source "Chess Mail Ltd."]
[SourceDate "2003.04.28"]

1. d4 Nf6 2. c4 c5 3. d5 b5 4. cxb5 a6 5. bxa6 Bxa6 6. Nc3 d6 7. e4 Bxf1 8.
Kxf1 g6 9. g3 Bg7 10. Kg2 O-O 11. Nf3 Nbd7 12. Re1 Ra6 13. h3 Qa8 14. Bg5 h6
15. Bd2 e6 16. dxe6 fxe6 17. Qc2 g5 18. a4 d5 19. exd5 exd5 20. Re7 d4 21. Nb5
Nd5 22. Rxd7 Ne3+ 23. Bxe3 Qxf3+ 24. Kg1 dxe3 25. Qb3+ c4 26. Qxe3 Qxe3 27.
fxe3 Bxb2 28. Rb1 Be5 29. Re7 Bxg3 30. Kg2 Bb8 31. Nc3 Rg6 32. Nd5 g4 33. h4
Bd6 34. Re4 g3 35. Rxc4 Rf2+ 36. Kg1 h5 37. Rc8+ Kh7 38. a5 Rf7 39. Rc2 Rg4 40.
Rc6 Be5 41. Re6 Bg7 42. a6 Rf5 43. Rd6 Ra4 44. Rb7 1-0

[Event "SCCA Bulletin 21st Anniversary"]
[Site "corr"]
[Date "2001.??.??"]
[Round "?"]
[White "Campbell, J Franklin"]
[Black "Tatlow, Stephen"]
[Result "0-1"]
[WhiteElo "2204"]
[BlackElo "2342"]
[PlyCount "58"]
[EventDate "2001.??.??"]
[Source "Chess Mail Ltd."]
[SourceDate "2003.04.28"]

1. d4 d5 2. c4 dxc4 3. Nf3 Nf6 4. Nc3 e6 5. Qa4+ c6 6. Qxc4 b5 7. Qb3 Nbd7 8.
Bg5 c5 9. Bxf6 gxf6 10. d5 c4 11. Qxb5 Rb8 12. Qxc4 Rb4 13. Qd3 Rxb2 14. e4 Qa5
15. Nd2 Nc5 16. Qe3 Rc2 17. Ndb1 Bd7 18. Kd1 Rb2 19. Kc1 Rb7 20. Bc4 Qb4 21.
Bb3 Nxb3+ 22. axb3 Qxb3 23. Ra2 Rc7 24. Kd2 Bb4 25. Rc2 exd5 26. exd5+ Kd8 27.
Qd4 Re8 28. Qxf6+ Be7 29. Qe5 Bh4 0-1

[Event "SCCA Bulletin 21st Anniversary"]
[Site "SCCA Email"]
[Date "2001.06.01"]
[Round "?"]
[White "Fordham Hall, Christopher M"]
[Black "Beecham, C Richard"]
[Result "0-1"]
[WhiteElo "2299"]
[BlackElo "2246"]
[PlyCount "84"]
[EventDate "2001.??.??"]
[Source "Chess Mail Ltd."]
[SourceDate "2003.04.28"]

1. e4 e6 2. d4 d5 3. e5 c5 4. c3 Nc6 5. Nf3 Bd7 6. Be2 f6 7. Qb3 fxe5 8. Nxe5
Nxe5 9. dxe5 Qc7 10. f4 Ne7 11. Qc2 Nf5 12. O-O Be7 13. Bh5+ g6 14. Bg4 O-O 15.
Qe2 Rad8 16. Na3 Qb6 17. Rf2 Bc6 18. b3 Bh4 19. g3 Be7 20. Bb2 a5 21. c4 a4 22.
Qc2 Ra8 23. Bh3 axb3 24. axb3 Ra6 25. Rc1 Qa7 26. cxd5 exd5 27. Nb1 b5 28. Qd2
d4 29. b4 Be4 30. Qe2 Bxb1 31. Rxb1 c4 32. Qe4 Rd8 33. Rd1 c3 34. Bc1 Ra1 35.
Bxf5 gxf5 36. Qxf5 d3 37. Rxd3 Rxd3 38. Qxd3 Rxc1+ 39. Kg2 Qb7+ 40. Kh3 Qc6 41.
Re2 Ra1 42. f5 Qh6+ 0-1

[Event "SCCA Bulletin 21st Anniversary"]
[Site "SCCA Email"]
[Date "2001.06.01"]
[Round "?"]
[White "Fordham Hall, Christopher M"]
[Black "Gurtovojs, Nikolajs"]
[Result "1-0"]
[WhiteElo "2299"]
[BlackElo "2213"]
[PlyCount "57"]
[EventDate "2001.??.??"]
[Source "Chess Mail Ltd."]
[SourceDate "2003.04.28"]

1. e4 c5 2. c3 d6 3. d4 cxd4 4. cxd4 g6 5. Qb3 Bg7 6. Nf3 Nc6 7. d5 Na5 8. Qa3
Bd7 9. Be3 b5 10. Nd4 Rb8 11. b4 Nc4 12. Bxc4 bxc4 13. O-O f5 14. exf5 gxf5 15.
Rd1 Qc8 16. Nc3 Nf6 17. Nde2 a6 18. Rab1 Kf7 19. Nf4 Rg8 20. Ba7 Ra8 21. Bd4
Bh6 22. Nce2 Bg5 23. Qh3 h6 24. Re1 c3 25. Bxc3 Qc4 26. Bxf6 Kxf6 27. Rec1 Qxa2
28. Qc3+ Kf7 29. Ra1 1-0

[Event "SCCA Bulletin 21st Anniversary"]
[Site "SCCA Email"]
[Date "2001.06.01"]
[Round "?"]
[White "Fordham Hall, Christopher M"]
[Black "Sprott, George R"]
[Result "1-0"]
[WhiteElo "2299"]
[BlackElo "2379"]
[PlyCount "65"]
[EventDate "2001.??.??"]
[Source "Chess Mail Ltd."]
[SourceDate "2003.04.28"]

1. e4 e6 2. d4 d5 3. e5 c5 4. c3 Nc6 5. Nf3 Qb6 6. a3 Nh6 7. b4 cxd4 8. Bxh6
gxh6 9. cxd4 Rg8 10. Nc3 Bd7 11. Na4 Qd8 12. g3 f6 13. exf6 Qxf6 14. b5 Nd8 15.
Ne5 Nf7 16. Nxd7 Kxd7 17. b6 Kd8 18. Be2 Bg7 19. Qb3 Qe7 20. Rd1 axb6 21. O-O
Qd6 22. Nxb6 Rb8 23. f4 Rf8 24. f5 Ng5 25. Bg4 h5 26. Bxh5 exf5 27. Rfe1 f4 28.
gxf4 Ne4 29. Nxd5 Nf6 30. Nxf6 Bxf6 31. Re6 Bxd4+ 32. Kh1 Qc5 33. Re5 1-0

[Event "SCCA Bulletin 21st Anniversary"]
[Site "corr"]
[Date "2001.??.??"]
[Round "?"]
[White "Fordham Hall, Christopher M"]
[Black "Mackie, John J"]
[Result "1-0"]
[WhiteElo "2299"]
[BlackElo "2228"]
[PlyCount "51"]
[EventDate "2001.??.??"]
[Source "Chess Mail Ltd."]
[SourceDate "2003.04.28"]

1. Nf3 Nf6 2. c4 c5 3. Nc3 e6 4. d4 b6 5. d5 exd5 6. cxd5 d6 7. e4 a6 8. Bf4
Nbd7 9. Bd3 Be7 10. h3 b5 11. O-O O-O 12. Re1 Bb7 13. Rc1 Re8 14. a4 b4 15. Nb1
Nf8 16. Bh2 Ng6 17. Nbd2 Ra7 18. Nc4 Bf8 19. a5 Bc8 20. Qd2 Kh8 21. Bc2 Kg8 22.
Qd3 Be7 23. Rcd1 Bf8 24. Re3 Bd7 25. Bxd6 Bb5 26. Bh2 1-0

[Event "SCCA Bulletin 21st Anniversary"]
[Site "corr"]
[Date "2001.??.??"]
[Round "?"]
[White "Fordham Hall, Christopher M"]
[Black "Mackintosh, Iain"]
[Result "1-0"]
[WhiteElo "2299"]
[BlackElo "2247"]
[Annotator "Mackintosh"]
[PlyCount "53"]
[EventDate "2001.??.??"]
[Source "Chess Mail Ltd."]
[SourceDate "2003.04.28"]

1. d4 Nf6 2. Bg5 Ne4 3. Bf4 d5 4. e3 Bf5 5. f3 Nf6 6. g4 Bg6 7. h4 h6 8. c4 e6
9. Qb3 b6 10. Nc3 c6 11. Nh3 Be7 12. Rc1 O-O 13. h5 Bh7 14. g5 Nxh5 15. gxh6
Bh4+ 16. Kd2 Nxf4 17. Nxf4 (17. hxg7) 17... e5 18. Ng2 dxc4 19. Bxc4 exd4 20.
Ne4 $6 dxe3+ 21. Kc2 Qd2+ $2 (21... Bg5) 22. Kb1 Qxg2 23. Rxh4 Qxf3 24. hxg7 $1
Bxe4+ 25. Bd3 Rd8 26. Bxe4 Qf6 27. Bh7+ (27. Bh7+ Kxg7 28. Rg1+ Kf8 29. Rg8+
Ke7 30. Qxe3+ Kd7 31. Qd4+ Qxd4 32. Rxd4+) 1-0

[Event "SCCA Bulletin 21st Anniversary"]
[Site "corr"]
[Date "2001.??.??"]
[Round "?"]
[White "Fordham Hall, Christopher M"]
[Black "Marconi, Ralph P"]
[Result "1/2-1/2"]
[WhiteElo "2299"]
[BlackElo "2152"]
[PlyCount "29"]
[EventDate "2001.??.??"]
[Source "Chess Mail Ltd."]
[SourceDate "2003.04.28"]

1. e4 e6 2. d4 d5 3. Nd2 Nf6 4. e5 Nfd7 5. c3 c5 6. Ngf3 Nc6 7. Bd3 g6 8. Be2
Bg7 9. Nb3 c4 10. Nbd2 O-O 11. O-O f6 12. exf6 Qxf6 13. Nb1 b5 14. Re1 h6 15.
Na3 1/2-1/2

[Event "SCCA Bulletin 21st Anniversary"]
[Site "corr"]
[Date "2001.??.??"]
[Round "?"]
[White "Fordham Hall, Christopher M"]
[Black "Rawlings, Alan J C"]
[Result "1/2-1/2"]
[WhiteElo "2299"]
[BlackElo "2372"]
[PlyCount "40"]
[EventDate "2001.??.??"]
[Source "Chess Mail Ltd."]
[SourceDate "2003.04.28"]

1. c4 Nf6 2. Nc3 c5 3. Nf3 d5 4. cxd5 Nxd5 5. e4 Nb4 6. Bb5+ N8c6 7. d3 a6 8.
Bxc6+ Nxc6 9. Be3 e5 10. Rc1 Bg4 11. h3 Bxf3 12. Qxf3 Qxd3 13. Nd5 Bd6 14. Bxc5
Qxf3 15. gxf3 Bxc5 16. Rxc5 O-O 17. Rg1 Rad8 18. f4 exf4 19. Nxf4 Nd4 20. Rg3
Rfe8 1/2-1/2